Environmental protection and the Eighteen amendment / (Record no. 234846)

000 -LEADER
fixed length control field 01201cam a22003255i 4500
001 - CONTROL NUMBER
control field 18906596
003 - CONTROL NUMBER IDENTIFIER
control field Nust
005 - DATE AND TIME OF LATEST TRANSACTION
control field 20170331115425.0
008 - FIXED-LENGTH DATA ELEMENTS--GENERAL INFORMATION
fixed length control field 151216s2014 pk b 000 0 eng
010 ## - LIBRARY OF CONGRESS CONTROL NUMBER
LC control number 2015330135
020 ## - INTERNATIONAL STANDARD BOOK NUMBER
International Standard Book Number 9789696430001
037 ## - SOURCE OF ACQUISITION
Source of stock number/acquisition Library of Congress -- Islamabad Overseas Office
040 ## - CATALOGING SOURCE
Original cataloging agency DLC
Language of cataloging eng
Transcribing agency DLC
Description conventions rda
042 ## - AUTHENTICATION CODE
Authentication code lcode
043 ## - GEOGRAPHIC AREA CODE
Geographic area code a-pk---
050 00 - LIBRARY OF CONGRESS CALL NUMBER
Classification number 333.174 FIR
Item number .P37 2014
082 ## - DEWEY DECIMAL CLASSIFICATION NUMBER
Classification number 333.174 FIR
100 1# - MAIN ENTRY--PERSONAL NAME
Personal name Pastakia, Firuza,
Relator term author.
245 10 - TITLE STATEMENT
Title Environmental protection and the Eighteen amendment /
Statement of responsibility, etc. Firuza Pastakia.
264 #1 - PRODUCTION, PUBLICATION, DISTRIBUTION, MANUFACTURE, AND COPYRIGHT NOTICE
Place of production, publication, distribution, manufacture Islamabad :
Name of producer, publisher, distributor, manufacturer IUCN Pakistan, National Impact Assessment Programme,
Date of production, publication, distribution, manufacture, or copyright notice 2014.
300 ## - PHYSICAL DESCRIPTION
Extent 222 pages ;
Dimensions 28 cm.
336 ## - CONTENT TYPE
Content type term text
Content type code txt
Source rdacontent
337 ## - MEDIA TYPE
Media type term unmediated
Media type code n
Source rdamedia
338 ## - CARRIER TYPE
Carrier type term volume
Carrier type code nc
Source rdacarrier
500 ## - GENERAL NOTE
General note P.B
504 ## - BIBLIOGRAPHY, ETC. NOTE
Bibliography, etc. note Includes bibliographical references.
650 #0 - SUBJECT ADDED ENTRY--TOPICAL TERM
Topical term or geographic name entry element Environmental law
Geographic subdivision Pakistan.
650 #0 - SUBJECT ADDED ENTRY--TOPICAL TERM
Topical term or geographic name entry element State-local relations
Geographic subdivision Pakistan.
710 2# - ADDED ENTRY--CORPORATE NAME
Corporate name or jurisdiction name as entry element IUCN--the World Conservation Union, Pakistan.
Subordinate unit National Impact assessment Programme.
906 ## - LOCAL DATA ELEMENT F, LDF (RLIN)
a 7
b cbc
c origode
d 3
e ncip
f 20
g y-gencatlg
942 ## - ADDED ENTRY ELEMENTS (KOHA)
Source of classification or shelving scheme
Koha item type Book
Call number prefix 333.174 FIR
Holdings
Withdrawn status Lost status Source of classification or shelving scheme Damaged status Not for loan Collection code Permanent Location Current Location Shelving location Date acquired Total Checkouts Full call number Barcode Date last seen Price effective from Koha item type
            Central Library (CL) Central Library (CL) General Stacks 03/31/2017   333.174 FIR IESE-3827 03/31/2017 03/31/2017 Book
            Institute of Environmental Science and Engineering (IESE) Institute of Environmental Science and Engineering (IESE) General Stacks 03/31/2017   333.174 FIR IESE-3848 03/31/2017 03/31/2017 Book
© 2023 Central Library, National University of Sciences and Technology. All Rights Reserved.